<?xml version="1.0" encoding="UTF-8"?>
<collection xmlns="http://www.loc.gov/MARC21/slim">
 <record>
  <leader>01672nam a2200205Ia 4500</leader>
  <controlfield tag="001">TDMU_20721</controlfield>
  <controlfield tag="008">210410s9999    xx            000 0 und d</controlfield>
  <datafield tag="082" ind1=" " ind2=" ">
   <subfield code="a">306.09597</subfield>
  </datafield>
  <datafield tag="090" ind1=" " ind2=" ">
   <subfield code="b">Đ450</subfield>
  </datafield>
  <datafield tag="100" ind1=" " ind2=" ">
   <subfield code="a">Đỗ, Huy</subfield>
  </datafield>
  <datafield tag="245" ind1=" " ind2="0">
   <subfield code="a">Văn hóa Việt Nam trên con đường giải phóng, đổi mới, hội nhập và phát triển</subfield>
  </datafield>
  <datafield tag="245" ind1=" " ind2="0">
   <subfield code="c">Đỗ Huy</subfield>
  </datafield>
  <datafield tag="260" ind1=" " ind2=" ">
   <subfield code="a">H.</subfield>
  </datafield>
  <datafield tag="260" ind1=" " ind2=" ">
   <subfield code="b">Thông tin và truyền thông</subfield>
  </datafield>
  <datafield tag="260" ind1=" " ind2=" ">
   <subfield code="c">2013</subfield>
  </datafield>
  <datafield tag="300" ind1=" " ind2=" ">
   <subfield code="a">421 tr</subfield>
  </datafield>
  <datafield tag="520" ind1=" " ind2=" ">
   <subfield code="a">Gồm 5 chương: Mấy vấn đề lý luận văn hóa giải phóng, đổi mới và sự phát triển văn hóa; nhận diện những xung đột, mâu thuẫn và những cản trở trên con đường giải phóng, hội nhập để phát triển văn hóa Việt Nam; Đảng lãnh đạo tiến trình giải phóng đổi mới hội nhập và phát triển văn hóa Việt Nam; chủ tịch Hồ Chí Minh - nước Việt Nam mới  - cha đẻ của nền văn hóa cách mạng, sức mạnh nội sinh của hành trình giải phóng, đổi mới, hội nhập và phát triển đất nước theo con đường XHCN; giải pháp văn hóa trong tiến trình giải phóng, đổi mới hội nhập và phát triển đất nước theo con đường xã hội chủ nghĩa.</subfield>
  </datafield>
  <datafield tag="650" ind1=" " ind2=" ">
   <subfield code="a">Văn hóa</subfield>
   <subfield code="z">Việt nam; Việt Nam</subfield>
   <subfield code="x">Văn hóa</subfield>
  </datafield>
  <datafield tag="856" ind1=" " ind2=" ">
   <subfield code="u">http://lrc.tdmu.edu.vn/opac/search/detail.asp?aID=2&amp;ID=20721</subfield>
  </datafield>
  <datafield tag="980" ind1=" " ind2=" ">
   <subfield code="a">Trung tâm Học liệu Trường Đại học Thủ Dầu Một</subfield>
  </datafield>
 </record>
</collection>
